| 000 | 00830nam a22002177a 4500 | ||
|---|---|---|---|
| 005 | 20150428122341.0 | ||
| 010 | _aENG-112434-436 | ||
| 020 |
_a9788180337647 (set of 3 vols.) _c5995.00 (set price) |
||
| 035 | _aEN-95966-968 | ||
| 037 | _bDBAD/PUB | ||
| 082 | _a346.54082 | ||
| 100 | _aTannan, M.L. | ||
| 245 |
_aBanking law and practice in India / _cby M.L.Tannan [and] N.V.Srinivasan ; foreworded by P. Sathasivam |
||
| 250 | _a25th ed by N.V. Srinivasan [and] Varun Srinivasan | ||
| 260 |
_aGurgaon _bLexisNexis _c2014 |
||
| 270 |
_a14th Floor, Building No.10, Tower-B, DLF Cyber City, Phase-II _bGurgaon _e122002 |
||
| 300 |
_a3V.(cclxxxvii,1779,134p.; cxi,1781-2961,A-423,134p.; lxi,2205p.) _c25cm(Hb) |
||
| 500 | _aIncludes index | ||
| 700 | _aSrinivasan, N.V. | ||
| 942 |
_2ddc _cEN _mTAN _h346.54082 |
||
| 999 |
_c92476 _d92476 |
||